Statistics for Metropolitan Divisions with the Highest Murder Rate 2020

Click here to take the quiz!

General Stats

  • This quiz has been taken 6 times
  • The average score is 7 of 16

Answer Stats

HintAnswer% Correct
11.1St. Louis
100%
18.5Memphis
83%
18.9New Orleans
83%
14.1Baltimore
67%
11.9Chicago
67%
19.4Detroit
67%
14.6Philadelphia
67%
13.8Savannah
33%
11.7Shreveport
33%
13.2Flint
17%
11.4Fort Wayne
17%
10.6Gary
17%
11.6Fayetteville
0%
14.7Mobile
0%
11.8Montgomery
0%
12.9Salinas
0%

Score Distribution

Percentile by Number Answered

Percent of People with Each Score

Your Score History

You have not taken this quiz